000 00396nam a2200145Ia 4500
008 100204s9999 xx 000 0 und d
082 _b17424
100 _aखरे जयश्री
245 _aमोतिया
260 _bदिलीपराज प्रकाशन
_c1994
300 _a139
630 _aमोतिया
730 _aमोतिया
942 _cBOOK
999 _c461847
_d461844